000 00329nam a22001217a 4500
008 160420b xxu||||| |||| 00| 0 eng d
020 _a9780135078464
020 _a978135078464
041 _aeng
080 _a618.2
245 _aMaternal Child Nursing Care:
_cMarcia L.London; Patricia W. Ladewig; Jane W. Ball;
942 _2udc
_cBK
999 _c1467
_d1467